00905nam a2200241 a 450000100100000000500170001000800410002704000250006804100390009308200160013210000190014824000380016724500860020526000340029130000310032549000160035650400740037253400910044660000470053765000280058470000350061283000160064700002303520200930021938.0101124s1973 mx c r 001 0dspa d aDO-SdBNPbspacBNPHU17aspaheng2Código de idiomas MARC a928.1bK29h1 akeller, Helen,14aThe story of my life.lEspañol.13aLa historia de mi vida /cHelen Keller ; traducción de Luisa María Álvarez. aMéxico :bAsociados,c1973. a427 p. :bretrs. ;c21 cm.1 aPrecursores aIncluye referencias bibliográficas y notas al pie de las páginas. pTítulo original en inglés:tThe story of my life.cNew York : Doubleday & Company.10akELLER, HELEN,d1880-1968xAUTOBIOGRAFÍA 4aAutoreszEstados Unidos1 aÁlvarez, Luisa María,etr. 0aPrecursores